00533nam a2200157Ia 4500008004100000040001900041041001200060082002900072100001900101245008700120260003900207300003200246504005000278650002500328850002200353131103s9999 xx 000 0 und d aLoreto College aEnglish a150.287/AGGbLCBED/13442 aAggarwal, J.C. aEssentials of examination systemb evaluation,tests and measurement cJ.C.Aggarwal aNew DelhibVikas Publicationc2000 axiv,400p.b illus.c 22 cm. aIncludes bibliographical references and index aIntelligence testing aLCBED/150.287/AGG